00586nam a22001817a 4500999001900000005001700019010001500036020002600051035001400077037001300091082001600104245011600120260005200236270004000288300002600328700002000354942003000374 c188395d18839520220520114826.0 aENG-132740 a9780199463527c799.00 aEN-116272 bDBAD/PUB a954.0420924 aSelected Works of Jawaharlal Nehru:bVolume Sixty Two (1st Auguts-31 August 1960)/cEdited by Madhavan K. Palat aNew DelhibJawaharlal Nehru Memorial Fundc2015 aTeen Murti HousebNew Delhie110011 axxi, 683p.c25cm(hbk) aPalat, Madhavan 2ddccENh954.0420924mSEL